000
00448nam a2200145Ia 4500
008
100122s9999 xx 000 0 und d
082
_b
12852
_a
900
100
_a
ए प्रताप
245
_a
हमारा नया देश
260
_b
आत्माराम अॅण्ड सन्स
_c
1963
300
_a
95
630
_a
हमारा नया देश
730
_a
हमारा नया देश
942
_c
BOOK
999
_c
382763
_d
382760